00575pab a2200193 454500008004000000100002900040245006900069260000900138300001500147362001200162650002000174650001200194700001700206773001700223908000600240909001100246999001900257952010500276180718b2013 xxu||||| |||| 00| 0 eng d aChoudhary, Shubham Kumar aA review on online travel and tourism industry in Indian content c2013 ap.303-310. aJan-Mar aTourism - India aTourism aSachan, Amit aProductivity aN a100675 c100674d100674 00104070aIIPAbIIPAd2018-07-19hVolume no: 53, Issue no: 4pAR101135r2018-07-19w2018-07-19yAR